El modelo de gobierno abierto en América Latina: paralelismo de las políticas públicas de transparencia y la corrupción/
Se analiza el modelo de Gobierno Abierto en tres países de Latinoamérica, a través de un estudio comparativo entre México, Guatemala y Honduras, países en donde se han implementado políticas públicas para la transparencia en la gestión pública y de acceso a la información para la ciudadanía. El trab...
Αποθηκεύτηκε σε:
| Κύριος συγγραφέας: | |
|---|---|
| Άλλοι συγγραφείς: | , |
| Μορφή: | Βιβλίο |
| Γλώσσα: | Spanish |
| Θέματα: | |
| Ετικέτες: |
Προσθήκη ετικέτας
Δεν υπάρχουν, Καταχωρήστε ετικέτα πρώτοι!
|
MARC
| LEADER | 00000nam a22000007a 4500 | ||
|---|---|---|---|
| 003 | cru CIDCACS/IIS | ||
| 005 | 20171027114637.0 | ||
| 007 | ta | ||
| 008 | 161110b2015 ec ||||| |||| 00| 0 spa d | ||
| 999 | |c 18722 |d 18722 | ||
| 040 | |c cru CIDCACS/IIS | ||
| 100 | 1 | |9 443 |a Vera Martínez, Martín Cutberto | |
| 245 | 1 | 3 | |a El modelo de gobierno abierto en América Latina: |b paralelismo de las políticas públicas de transparencia y la corrupción/ |c Martín Cutberto Vera Martínez, David Rocha Romero, María Concepción Martínez Rodríguez |
| 300 | |a páginas 85-103 | ||
| 520 | |a Se analiza el modelo de Gobierno Abierto en tres países de Latinoamérica, a través de un estudio comparativo entre México, Guatemala y Honduras, países en donde se han implementado políticas públicas para la transparencia en la gestión pública y de acceso a la información para la ciudadanía. El trabajo se organiza en cuatro secciones: la primera revisa el modelo de Gobierno Abierto en Latinoamérica; la segunda, la evolución del sistema de acceso a la información pública en la región a partir de los estudios de caso; la tercera, analiza el vínculo que tienen estas políticas con la corrupción; y finalmente, se presentan las conclusiones. Se finaliza con la tesis de que el aumento de la normatividad y las instituciones de transparencia resulta insuficiente en la lucha contra la corrupción ya que esto debe acompañarse de otras medidas sistémicas. | ||
| 650 | 1 | 0 | |9 85 |a CIENCIA POLITICA |
| 650 | 4 | |9 3253 |a POLITICA GUBERNAMENTAL | |
| 650 | 1 | 0 | |9 4450 |a REFORMA POLITICA |
| 650 | 1 | 0 | |9 1035 |a CORRUPCION |
| 651 | 1 | 0 | |9 17 |a AMERICA LATINA |
| 700 | 1 | |9 444 |a Rocha Romero, David | |
| 700 | 1 | |9 445 |a Martínez Rodríguez, María Concepción | |
| 773 | 0 | |0 18721 |9 144 |a FLACSO, Ecuador |d Quito, Ecuador FLACSO 1997- |o R17796 |t Iconos: |x 13901249 | |
| 942 | |2 ddc |c PP | ||
